Incollable #37 - Maths-Français - Statistiques

Statistiques générales
  • Ce quiz a été pris 593 fois
  • Le résultat moyen est 9 sur 10
Statistiques - réponses
Niveaux Questions Réponses % Correct
CP Si on ajoute 9 unités à 25, combien obtient-on ? 34
100%
CM2 À quel groupe appartient le verbe « mentir » ? Au troisième
100%
CP Que trouve-t-on le plus dans une bibliothèque ? Des livres
100%
CE1 Quel est le double de 24 ? 48
99%
CE2 La Tour Eiffel mesure 324 mètres de haut, et l’Arc de Triomphe 50 mètres.Quelle est la différence de hauteur entre les deux monuments ? 274 m (324-50=274)
97%
Lycée Combien y a t-il de pieds dans un alexandrin ? 12
93%
Collège Quel est le carré de 12 ? 144 (12*12=144)
82%
CM2 Quel nombre est égal à 3,145-0,2 ? 2,945
79%
CM1 Combien y a t-il de dizaine dans 8234 ? 823
78%
Lycée Un rectangle mesuré 12 cm sur 6 cm.Quel est l’aire d’un carré de même périmètre ? 81 cm^2 (2*(12+6)=36 cm, donc le côté du carrée est de 9 cm)
43%
Aucun quiz correspondant
Distribution des résultats
% des personnes avec chaque résultat
Percentile par nombre de réponses
Votre historique - résultats
Vous n’avez pas pris ce quiz